000 01036cam a2200241 4500
001 ##L133036
002 ##9953
008 060405n2006 000 0 eng u
020 _a1904829368
035 _a(Sirsi) u133036
041 0 _aeng
050 0 4 _a690.23 $2 18
110 2 _aBuilding Cost Information Service
_91096
245 0 0 _aGuide to rebuilding costs of flats 2006
250 _a7th ed.
260 _aLondon
_bRICS
_c2006
300 _a64p
_c30cm.
350 _a80
520 _aAnnual publication giving details of rebuilding costs for flats for reinstatement cost assessment. The rebuilding cost tables cover four regional groups and show the costs for low and medium-rise modern flats and conversions from two and three-storey houses. Also includes details of factors affecting the cost of blocks of flats, guidance on preparing a reinstatement cost assessment, specification and accommodation notes and elemental cost tables.
590 _aIKA250406
690 _aBUILT ENVIRONMENT-BUILDING COSTS
942 _n0
999 _c105313
_d105313